000 01282nam a2200289 i 4500
003 CSPC
005 20250718132517.0
008 250205s2019 ph a b 001 0 eng d
020 _a9789719810674
040 _cCSPC
_aCSPC
_beng
_erda
050 0 4 _aT58.5
_b.C36 2019
082 0 4 _a303.4834
_bC169l
100 1 _aCaoili-Tayuan, Ronina R.,
_eauthor.
245 1 0 _aLiving in the information technology era /
_cRonina R. Caoli-Tayuan and Mia V. Eleazar.
264 1 _aQuezon City :
_bC & E Publishing Inc.,
_c2019.
300 _axi, 231 pages :
_billustrations ;
_c22 cm.
336 _2rdacontent
_atext
337 _2rdamedia
_aunmediated
338 _2rdacarrier
_avolume
490 _aGeneral education
504 _aIncludes bibliographical references and index.
505 0 _aIntroduction to Information and Communications Technology (ICT) -- Computers in our daily life -- The internet and World Wide Web -- Information, control, and privacy -- IT, culture, and the society -- IT trends, issues, and challenges.
650 0 _aInformation technology.
700 1 _aEleazar, Mia V.,
_eauthor.
942 _2ddc
_n0
_cBK
_h303.4834
_iC169l
_kFIL
_m2019
999 _c28722
_d28722